[Event "BAN-chB 42nd"]
[Site "Dhaka"]
[Date "2016.10.27"]
[Round "8"]
[White "Islam, Mohammad Aminul"]
[Black "Md Jamal, Uddin"]
[Result "1/2-1/2"]
[WhiteElo "2155"]
[BlackElo "1914"]
[PlyCount "146"]
[EventDate "2016.10.20"]
[EventType "swiss"]
[EventRounds "11"]
[EventCountry "BAN"]
[SourceTitle "CBM 175 Extra"]
[Source "ChessBase"]
[SourceDate "2016.12.12"]
[SourceVersion "1"]
[SourceVersionDate "2016.12.12"]
[SourceQuality "1"]

1. c4 g6 2. Nc3 Bg7 3. g3 e5 4. Bg2 d6 5. e3 Nc6 6. Nge2 f5 7. 0-0 Nf6 8. d4 e4 9. f3 exf3 10. Bxf3 0-0 11. Nf4 Kh8 12. Bd2 Bd7 13. Rc1 Re8 14. Nfd5 Nxd5 15. Nxd5 Rb8 16. b4 Ne7 17. Nf4 c6 18. Bc3 Ng8 19. d5 Qe7 20. Bd4 Nf6 21. c5 dxc5 22. d6 Qf7 23. bxc5 Ne4 24. Rc2 b6 25. Nd3 Bf6 26. Qa1 Qg7 27. Bxe4 Bxd4 28. exd4 Rxe4 29. Ne5 Kg8 30. Re1 bxc5 31. Rxe4 fxe4 32. Nxd7 Qxd7 33. dxc5 Qf5 34. Qf1 Qg4 35. Qc4+ Kg7 36. Qc3+ Kg8 37. Rf2 Qe6 38. Kg2 e3 39. Rf3 Qxa2+ 40. Kh3 Qe6+ 41. Kg2 Re8 42. d7 Qxd7 43. Rxe3 Qd5+ 44. Kh3 Qf5+ 45. Kg2 Qd5+ 46. Kh3 Rf8 47. Qb3 Qxb3 48. Rxb3 Rf7 49. Rb8+ Rf8 50. Rb7 Rf5 51. Rxa7 Rxc5 52. Rc7 Rc2 53. g4 g5 54. Kg3 h6 55. h3 Rc3+ 56. Kg2 c5 57. Kh2 c4 58. Kg2 Rc1 59. Kh2 c3 60. Kg2 c2 61. Kh2 Kf8 62. Kg2 Ke8 63. Kh2 Kd8 64. Rc4 Kd7 65. Kg2 Kd6 66. Rc3 Kd5 67. Rc8 Kd6 68. Rc3 Ke5 69. Rc8 Kf4 70. Rf8+ Ke3 71. Re8+ Kd3 72. Rd8+ Ke4 73. Re8+ Kd3 1/2-1/2

[Event "BAN-chB 41st"]
[Site "Dhaka"]
[Date "2015.10.15"]
[Round "1"]
[White "Islam, Mohammad Aminul"]
[Black "Sheik, Abdul Muttalib"]
[Result "1-0"]
[WhiteElo "2154"]
[BlackElo "1855"]
[PlyCount "87"]
[EventDate "2015.10.15"]
[EventType "swiss"]
[EventRounds "11"]
[EventCountry "BAN"]
[SourceTitle "CBM 169 Extra"]
[Source "ChessBase"]
[SourceDate "2015.12.18"]
[SourceVersion "1"]
[SourceVersionDate "2015.12.18"]
[SourceQuality "1"]

1. c4 c6 2. Nf3 Nf6 3. g3 d5 4. b3 Bf5 5. Bg2 e6 6. 0-0 Bd6 7. Bb2 Nbd7 8. d3 e5 9. Nbd2 0-0 10. h3 Re8 11. Nh4 Be6 12. e4 Nc5 13. Qe2 Qd7 14. Kh2 Rad8 15. Rad1 d4 16. g4 g5 17. Nf5 Kh8 18. Nxd6 Qxd6 19. Ba3 b6 20. Nf3 Rg8 21. Rh1 h5 22. Bc1 hxg4 23. Nxg5 gxh3 24. Bxh3 Rg7 25. Rdg1 Bxh3 26. Kxh3 Rdg8 27. Kg2+ Nh7 28. Kf1 Qf6 29. Rh6 Rxg5 30. Bxg5 Qxg5 31. Rxg5 Rxg5 32. Qf3 Kg7 33. Rxh7+ Kxh7 34. Qxf7+ Kh6 35. Ke2 Rg6 36. Qxa7 Ne6 37. Qe7 Nf4+ 38. Kd2 Rg2 39. Qh4+ Kg7 40. b4 Rg1 41. Kc2 Re1 42. a4 Ra1 43. Qg4+ Kf6 44. Qf5+ 1-0

[Event "BAN-chT"]
[Site "Dhaka"]
[Date "2014.11.19"]
[Round "8"]
[White "Islam, Mohammad Aminul"]
[Black "Mohammad, Minhaz Uddin"]
[Result "0-1"]
[WhiteElo "2150"]
[BlackElo "2421"]
[PlyCount "124"]
[EventDate "2014.11.12"]
[EventType "team-tourn"]
[EventRounds "9"]
[EventCountry "BAN"]
[SourceTitle "CBM 163 Extra"]
[Source "ChessBase"]
[SourceDate "2014.12.23"]
[SourceVersion "1"]
[SourceVersionDate "2014.12.23"]
[SourceQuality "1"]
[WhiteTeam "Sultana Kamal Smirity Pathagar"]
[BlackTeam "Bangladesh Navy"]
[WhiteTeamCountry "BAN"]
[BlackTeamCountry "BAN"]

1. Nf3 Nf6 2. g3 b6 3. Bg2 Bb7 4. c4 e6 5. 0-0 Be7 6. d4 0-0 7. Nc3 Ne4 8. Qc2 Nxc3 9. Qxc3 f5 10. Be3 Be4 11. Rfd1 Qe8 12. d5 Bf6 13. Bd4 Bxf3 14. exf3 e5 15. Be3 f4 16. gxf4 Qh5 17. c5 e4 18. Bd4 Bxd4 19. Rxd4 bxc5 20. Rxe4 Qxd5 21. Re5 Qf7 22. Rxc5 c6 23. Rg5 Na6 24. Qa5 Nb8 25. Qe5 h6 26. Rg3 a5 27. Bf1 d5 28. Bh3 Qf6 29. Re1 Qxe5 30. fxe5 Ra7 31. Rc1 Re7 32. e6 g5 33. Kg2 Kg7 34. Rc5 Ra7 35. Rg4 Rf4 36. Kg3 Rb4 37. b3 Kf6 38. f4 Kxe6 39. fxg5 Kd6 40. Rc2 Rxg4+ 41. Kxg4 hxg5 42. Kxg5 Rh7 43. Rc3 c5 44. f4 d4 45. Rf3 Nc6 46. Kg6 Rh4 47. Kg5 Rh8 48. Kg4 Nb4 49. f5 Rg8+ 50. Kf4 Nxa2 51. f6 Nb4 52. f7 Rf8 53. Kg5 a4 54. bxa4 c4 55. Rf6+ Ke5 56. Re6+ Kd5 57. Kf6 c3 58. Bf5 d3 59. Bxd3 Nxd3 60. Re8 Rxf7+ 61. Kxf7 c2 62. Rd8+ Kc4 0-1

[Event "BAN-chT"]
[Site "Dhaka"]
[Date "2014.11.15"]
[Round "4"]
[White "Murshed, Niaz"]
[Black "Islam, Mohammad Aminul"]
[Result "1-0"]
[WhiteElo "2466"]
[BlackElo "2150"]
[PlyCount "73"]
[EventDate "2014.11.12"]
[EventType "team-tourn"]
[EventRounds "9"]
[EventCountry "BAN"]
[SourceTitle "EXT 2015"]
[Source "ChessBase"]
[SourceDate "2014.11.20"]
[SourceVersion "1"]
[SourceVersionDate "2014.11.20"]
[SourceQuality "1"]
[WhiteTeam "Dhaka Mohammedan"]
[BlackTeam "Sultana Kamal Smirity Pathagar"]
[WhiteTeamCountry "BAN"]
[BlackTeamCountry "BAN"]

1. d4 Nf6 2. c4 d6 3. Nc3 g6 4. e4 Bg7 5. Be2 0-0 6. Bg5 c5 7. d5 e6 8. Qd2 e5 9. h4 a6 10. h5 Nbd7 11. Nh3 Re8 12. g4 Nf8 13. f3 b5 14. cxb5 axb5 15. Nxb5 Ba6 16. Nf2 Qb6 17. a4 Reb8 18. Be3 Bxb5 19. Bxb5 Qa5 20. Qxa5 Rxa5 21. Ra3 Ne8 22. Bd2 Ra7 23. Nd1 Nc7 24. Nc3 Bf6 25. Ke2 Bd8 26. Rb1 Be7 27. Bc6 Ra6 28. Bb5 Ra7 29. Raa1 g5 30. b4 cxb4 31. Rxb4 Nd7 32. Rab1 Nc5 33. Bc6 Rxb4 34. Rxb4 N7a6 35. Rb6 Bd8 36. Rb1 Be7 37. Nb5 1-0

[Event "BAN-chT"]
[Site "Dhaka"]
[Date "2014.11.12"]
[Round "1"]
[White "Islam, Mohammad Aminul"]
[Black "Mohammed Abdul, Malek"]
[Result "1-0"]
[WhiteElo "2150"]
[BlackElo "2202"]
[PlyCount "108"]
[EventDate "2014.11.12"]
[EventType "team-tourn"]
[EventRounds "9"]
[EventCountry "BAN"]
[SourceTitle "EXT 2015"]
[Source "ChessBase"]
[SourceDate "2014.11.20"]
[SourceVersion "1"]
[SourceVersionDate "2014.11.20"]
[SourceQuality "1"]
[WhiteTeam "Sultana Kamal Smirity Pathagar"]
[BlackTeam "Titas CC"]
[WhiteTeamCountry "BAN"]
[BlackTeamCountry "BAN"]

1. Nf3 d5 2. g3 c5 3. Bg2 Nc6 4. d4 Nf6 5. 0-0 Bg4 6. Be3 Bxf3 7. exf3 Qb6 8. dxc5 Qxb2 9. Nd2 d4 10. Bg5 0-0-0 11. Bh3+ e6 12. Nb3 Rd5 13. Bc1 Qc3 14. Qe2 Re5 15. Qd3 Nd5 16. f4 Qxd3 17. cxd3 Re2 18. Bd2 Bxc5 19. Bg4 Rxd2 20. Nxd2 Ncb4 21. Nb3 Bb6 22. a3 Nc6 23. Bf3 Nc3 24. Bxc6 bxc6 25. Rfe1 Kd7 26. Nd2 Na4 27. Nc4 f6 28. Rab1 Bc7 29. Rb7 Ra8 30. Re4 c5 31. Kf1 a5 32. Re1 Ra6 33. Ke2 Nb6 34. Nxb6+ Rxb6 35. Rxb6 Bxb6 36. a4 Kd6 37. Rb1 Kc6 38. Rb5 Bc7 39. Kd2 Bb6 40. Kc2 Bc7 41. Kb3 Bb6 42. Kc4 g6 43. h3 h6 44. f3 h5 45. g4 h4 46. Rb2 Bc7 47. Re2 Kd6 48. f5 gxf5 49. gxf5 exf5 50. Re8 Kd7 51. Rh8 Bg3 52. Kxc5 Bf2 53. Kd5 Kc7 54. Rh7+ Kb6 1-0